|
|
|
|
| LEADER |
00864nam a22002297a 4500 |
| 001 |
29963 |
| 003 |
BD-DhAAL |
| 005 |
20150916150741.0 |
| 008 |
150825s1997 bg a|||| |||| 00| 0 eng d |
| 040 |
|
|
|a BD-DhAAL
|c BD-DhAAL
|
| 082 |
|
|
|2 22
|a 307.1412095492
|
| 999 |
|
|
|c 35565
|d 35565
|
| 999 |
|
|
|c 35328
|
| 245 |
|
|
|a Family planning facilitation programme :
|b annual report, December 1995 - November 1996
|
| 260 |
|
|
|a Dhaka :
|b Bangladesh Rural Advancement Committee,
|c 1997
|
| 300 |
|
|
|a 26 p. :
|b ill. ;
|c 28 cm.
|
| 541 |
|
|
|e 29963
|
| 610 |
|
|
|a Bangladesh Rural Advancement Committee
|9 14065
|
| 650 |
|
|
|a Rural Development
|z Bangladesh
|9 14066
|
| 852 |
|
|
|a Ayesha Abed Library
|c General Stacks
|
| 942 |
|
|
|2 ddc
|c BK
|
| 952 |
|
|
|0 0
|1 0
|2 ddc
|4 0
|6 307_141209549200000_FAM
|7 0
|9 55937
|a BRACUL
|b BRACUL
|c BRS
|d 2015-09-16
|e BRAC
|l 0
|o 307.1412095492 FAM
|p 3010029963
|r 2015-09-16
|t 1
|w 2015-09-16
|y BK
|